Bytový dom

Salvato in:
Dettagli Bibliografici
Autore principale: Budzák, Ján, 1989- (Autore)
Altri autori: Palko, Milan, 1978- (Relatore della tesi)
Natura: Manoscritto Libro
Lingua:slovacco
Pubblicazione: Bratislava : STU v Bratislave SvF, 2012
Soggetti:
Accesso online:VAIS
https://opac.crzp.sk/?fn=detailBiblioForm&sid=F5CC02F4999CCD7E9041F0482F74
Tags: Aggiungi Tag
Nessun Tag, puoi essere il primo ad aggiungerne!!

MARC

LEADER 00000ntm a22000003a 4500
001 stu252692
005 20231115145629.4
008 120721s2012----xo------------------slo-d
040 |a STU  |b slo 
041 0 |a slo 
044 |a xo 
100 1 |a Budzák, Ján,  |d 1989-  |4 aut  |u V  |T SvF Stavebná fakulta  |X 57754  |U V  |Y 10  |7 A000057754 
242 0 0 |a The building house  |y eng 
245 1 |a Bytový dom 
260 |a Bratislava :  |b STU v Bratislave SvF,  |c 2012 
650 7 |a pozemné stavby a architektúra  |2 stusub 
650 7 |a Building Structures and Architecture  |2 estusub 
650 7 |a parking  |2 estusub 
650 7 |a bytový dom  |2 stusub 
650 7 |a polyfunkcia  |2 stusub 
700 1 |a Palko, Milan,  |d 1978-  |4 ths  |u V180  |U SvF Stavebná fakulta  |T SvF Katedra konštrukcií pozemných stavieb  |X 2552  |U V180  |Y 18  |7 A000002552 
856 4 |a info a plný text  |u http://is.stuba.sk/zp/portal_zp.pl?podrobnosti=59019  |3 VAIS 
856 4 |a CRZP  |u https://opac.crzp.sk/?fn=detailBiblioForm&sid=F5CC02F4999CCD7E9041F0482F74